000 00916cam a2200253 i 4500
003 SA-RiAUC
005 20250519083714.0
008 250516s2000 mr g 0001p ara c
020 _a9981808474
040 _aSA-RiIMS
_bara
_cSA-RiAUC
_erda
082 0 4 _a811.6
090 _a811.6
_b خ و ج
100 1 _aخوجة، عبد العزيز محيي الدين عبد الله،
_d1361 هجري-
_eمؤلف.
245 1 0 _aمن ديوان عبد العزيز محيي الدين خوجة.
250 _aالطبعة الأولى.
264 1 _aالرباط :
_bدار نشر المعرفة،
_c2000
300 _a406 صفحة ؛
_c20 سم
336 _aنص
_btxt
_2rdacontent
_3كتاب
337 _aبدون وسيط
_bn
_2rdamedia
338 _aمجلد
_bnc
_2rdacarrier
650 7 _aالشعر العربي
_zالأندلس
_2aucsh
942 _2ddc
_cBOOK
_n0
949 _aSA-JeALM
_d250516
_umohamedma123
_n1
999 _c8078
_d8078